AH International Schools' Libraries

Clever flaps numbers to learn / (Record no. 50223)

MARC details
000 -LEADER
fixed length control field 00301nam a2200109 4500
020 ## - INTERNATIONAL STANDARD BOOK NUMBER
International Standard Book Number 978-1-948418-46-1
100 ## - MAIN ENTRY--PERSONAL NAME
Personal name Larina, Lida
9 (RLIN) 87271
245 ## - TITLE STATEMENT
Title Clever flaps numbers to learn /
Statement of responsibility, etc Lida Larina
260 ## - PUBLICATION, DISTRIBUTION, ETC. (IMPRINT)
Place of publication, distribution, etc China
Name of publisher, distributor, etc Clever Publishing
Date of publication, distribution, etc 2018
300 ## - PHYSICAL DESCRIPTION
Extent unpaged.
Other physical details col. ill.
Dimensions 27 cm.
942 ## - ADDED ENTRY ELEMENTS (KOHA)
Source of classification or shelving scheme
Koha item type Board Book
Holdings
Withdrawn status Lost status Source of classification or shelving scheme Damaged status Not for loan Home library Current library Shelving location Date acquired Total Checkouts Full call number Barcode Date last seen Price effective from Koha item type
          Asian Hope Early Years Library Asian Hope Early Years Library Easy Reading 03/04/2026   BB E LAR 208003 03/04/2026 03/04/2026 Board Book

For any Logos Library related questions please contact Miss Art at swongnarasuk@asianhope.org.

For any Asian Hope Library related questions please contact Miss Raza at graza@asianhope.org.

Powered by Koha